[Event "Senta-ch"]
[Site "Senta"]
[Date "2015.02.21"]
[Round "8"]
[White "Miljkovic, Vukasin"]
[Black "Vrabel, Mate"]
[Result "1-0"]
[WhiteElo "1715"]
[BlackElo "1487"]
[PlyCount "61"]
[EventDate "2015.01.30"]
[EventType "swiss"]
[EventRounds "9"]
[EventCountry "SRB"]
[SourceTitle "EXT 2016"]
[Source "ChessBase"]
[SourceDate "2015.10.08"]
[SourceVersion "1"]
[SourceVersionDate "2015.10.08"]
[SourceQuality "1"]

1. e4 e5 2. Bc4 Nf6 3. Nf3 Nc6 4. d3 d6 5. c3 Bg4 6. h3 Bh5 7. g4 Bg6 8. Qb3 Qc8 9. Ng5 Nd8 10. Be3 Be7 11. Nd2 h5 12. 0-0-0 c6 13. d4 exd4 14. cxd4 Nh7 15. Nxh7 Rxh7 16. f4 f6 17. f5 Bf7 18. Kb1 Bxc4 19. Qxc4 Nf7 20. Nf3 Qc7 21. Bf4 Bf8 22. g5 fxg5 23. Nxg5 Nxg5 24. Bxg5 Rh8 25. Qe6+ Be7 26. Qg6+ Kf8 27. f6 Bd8 28. Rhf1 Kg8 29. Qe8+ Kh7 30. Qxh5+ Kg8 31. f7+ 1-0

[Event "Senta-ch"]
[Site "Senta"]
[Date "2015.02.01"]
[Round "3"]
[White "Vrabel, Mate"]
[Black "Kruska, Matej"]
[Result "1-0"]
[WhiteElo "1487"]
[BlackElo "1390"]
[PlyCount "105"]
[EventDate "2015.01.30"]
[EventType "swiss"]
[EventRounds "9"]
[EventCountry "SRB"]
[SourceTitle "EXT 2016"]
[Source "ChessBase"]
[SourceDate "2015.10.08"]
[SourceVersion "1"]
[SourceVersionDate "2015.10.08"]
[SourceQuality "1"]

1. d4 e6 2. e4 d5 3. e5 f6 4. Nf3 c5 5. c4 Qb6 6. cxd5 exd5 7. exf6 Nxf6 8. Qe2+ Be7 9. dxc5 Qxc5 10. Qb5+ Qc6 11. Nd4 Qxb5 12. Bxb5+ Bd7 13. Bxd7+ Nbxd7 14. 0-0 0-0 15. Ne6 Rfc8 16. Bg5 Rc6 17. Re1 Re8 18. Nf4 Bf8 19. Nc3 Bb4 20. Rxe8+ Nxe8 21. Nfxd5 Bxc3 22. Ne7+ Kh8 23. Nxc6 Bxb2 24. Rb1 bxc6 25. Rxb2 h6 26. Rb7 Nef6 27. Bxf6 Nxf6 28. Rxa7 Ne4 29. Rc7 c5 30. a4 Nc3 31. a5 Na4 32. a6 Kh7 33. a7 Nb6 34. Rxc5 Nd7 35. Rc7 Nb6 36. Rb7 Na8 37. Kf1 Kg6 38. Ke2 Kf6 39. Kd3 Ke6 40. Rb8 Nc7 41. a8Q Nxa8 42. Rxa8 Kf5 43. Ra6 h5 44. Ke3 Kg5 45. Kf3 g6 46. Ra5+ Kh4 47. Rb5 g5 48. g3+ Kh3 49. Rxg5 h4 50. Rh5 Kxh2 51. Rxh4+ Kg1 52. Rh5 Kf1 53. Rh1# 1-0

[Event "SRB-ch U18"]
[Site "Subotica"]
[Date "2014.04.21"]
[Round "7"]
[White "Vrabel, Mate"]
[Black "Besedes, Danilo"]
[Result "0-1"]
[WhiteElo "1528"]
[BlackElo "2006"]
[PlyCount "58"]
[EventDate "2014.04.17"]
[EventType "swiss"]
[EventRounds "9"]
[EventCountry "SRB"]
[SourceTitle "CBM 160 Extra"]
[Source "ChessBase"]
[SourceDate "2014.07.01"]
[SourceVersion "1"]
[SourceVersionDate "2014.07.01"]
[SourceQuality "1"]

1. e4 e5 2. Nf3 Nc6 3. Bb5 a6 4. Ba4 Nf6 5. d3 d6 6. Bxc6+ bxc6 7. h3 Be7 8. 0-0 0-0 9. c4 h6 10. Nc3 Be6 11. b3 Nd7 12. d4 exd4 13. Nxd4 Bf6 14. Nxc6 Qe8 15. Nd4 Nc5 16. Re1 Qc8 17. g4 Re8 18. f3 c6 19. Bb2 Qc7 20. Nxe6 Nxe6 21. Qd2 Ng5 22. Kg2 Ne6 23. Ba3 Rad8 24. Rad1 Qa5 25. Nb1 Qb6 26. Qe3 Qc7 27. c5 d5 28. e5 d4 29. Qd2 Bxe5 0-1

[Event "SRB-ch U18"]
[Site "Vrnjacka Banja"]
[Date "2013.05.06"]
[Round "9"]
[White "Trisic, Petar"]
[Black "Vrabel, Mate"]
[Result "1-0"]
[WhiteElo "1323"]
[BlackElo "1508"]
[PlyCount "75"]
[EventDate "2013.04.30"]
[EventType "swiss"]
[EventRounds "9"]
[EventCountry "SRB"]
[SourceTitle "CBM 154 Extra"]
[Source "ChessBase"]
[SourceDate "2013.06.25"]
[SourceVersion "2"]
[SourceVersionDate "2013.06.25"]
[SourceQuality "1"]

1. e4 e5 2. Nf3 Nc6 3. Nc3 Bb4 4. Nd5 Bc5 5. Bc4 d6 6. c3 a5 7. d4 exd4 8. cxd4 Ba7 9. 0-0 Bg4 10. Be3 Bxf3 11. Qxf3 Bxd4 12. Nb6 Ne5 13. Bxf7+ Nxf7 14. Bxd4 cxb6 15. Bxg7 h6 16. Bxh8 Nxh8 17. Qg4 Nf6 18. Qg7 Nf7 19. Rad1 Qe7 20. Rfe1 0-0-0 21. Qg3 Rg8 22. Rc1+ Kb8 23. Qb3 Ne5 24. f4 Ned7 25. e5 Qg7 26. Rc2 dxe5 27. fxe5 Re8 28. exf6 Rxe1+ 29. Kf2 Qxf6+ 30. Kxe1 Ka7 31. Qf3 Qe7+ 32. Kf2 Qh4+ 33. Qg3 Qd4+ 34. Qe3 Qf6+ 35. Ke2 Nc5 36. a3 Qg6 37. Kd1 Qxg2 38. Rxg2 1-0

[Event "SRB-ch U18"]
[Site "Vrnjacka Banja"]
[Date "2013.05.02"]
[Round "4"]
[White "Milicevic, Matija"]
[Black "Vrabel, Mate"]
[Result "1/2-1/2"]
[WhiteElo "1817"]
[BlackElo "1508"]
[PlyCount "107"]
[EventDate "2013.04.30"]
[EventType "swiss"]
[EventRounds "9"]
[EventCountry "SRB"]
[SourceTitle "CBM 154 Extra"]
[Source "ChessBase"]
[SourceDate "2013.06.25"]
[SourceVersion "2"]
[SourceVersionDate "2013.06.25"]
[SourceQuality "1"]

1. e4 e5 2. Nc3 Bb4 3. Bc4 Nf6 4. f4 Nc6 5. Nf3 d6 6. 0-0 0-0 7. Qe1 Bxc3 8. bxc3 exf4 9. d4 d5 10. exd5 Nxd5 11. Bxd5 Qxd5 12. Bxf4 Bf5 13. Bxc7 Bxc2 14. Qc1 Be4 15. Qb2 Rac8 16. Bf4 b6 17. Rae1 Rfe8 18. Rc1 Na5 19. Qf2 Nc4 20. Qg3 Red8 21. Ne5 Nxe5 22. Bxe5 Bg6 23. h4 f6 24. h5 fxe5 25. hxg6 exd4 26. gxh7+ Kxh7 27. Qh3+ Kg8 28. Rf5 Qe4 29. Rf3 dxc3 30. Re3 Qd5 31. Rexc3 Rxc3 32. Qxc3 Qd4+ 33. Qxd4 Rxd4 34. Rc2 Ra4 35. Kf2 Kf7 36. Ke3 g5 37. Kf3 Ke6 38. Rd2 Ke5 39. Ke3 Ra3+ 40. Kf2 Ra4 41. Ke3 a5 42. Rb2 Rb4 43. Rc2 a4 44. g3 a3 45. Rc3 Ra4 46. Rb3 Ra6 47. Rb5+ Kf6 48. g4 Kg6 49. Kf3 Kh6 50. Ke3 Kg6 51. Kf3 Kh6 52. Ke3 Kg6 53. Kf3 Kh6 54. Ke3 1/2-1/2

[Event "Senta January op"]
[Site "Senta"]
[Date "2011.02.06"]
[Round "7"]
[White "Vilagos, Emil"]
[Black "Vrabel, Mate"]
[Result "1-0"]
[WhiteElo "1575"]
[BlackElo "1521"]
[PlyCount "43"]
[EventDate "2011.01.21"]
[EventType "swiss"]
[EventRounds "9"]
[EventCountry "SRB"]
[SourceTitle "CBM 140 Extra"]
[Source "ChessBase"]
[SourceDate "2011.03.01"]
[SourceVersion "1"]
[SourceVersionDate "2011.03.01"]
[SourceQuality "1"]

1. e4 e5 2. Nf3 Nc6 3. Bc4 Nf6 4. Ng5 d5 5. exd5 Nxd5 6. Nxf7 Kxf7 7. Qf3+ Ke6 8. Nc3 Ncb4 9. a3 Nxc2+ 10. Kd1 Nxa1 11. Bxd5+ Kd7 12. Re1 Qf6 13. Qg3 Qf4 14. Qd3 Qd4 15. Qf5+ Kd6 16. Qf7 Be7 17. Nb5+ Kc5 18. Nxd4 exd4 19. Qxe7+ Kxd5 20. Re5+ Kc4 21. Qb4+ Kd3 22. Qb5# 1-0

[Event "Senta January op"]
[Site "Senta"]
[Date "2011.01.30"]
[Round "5"]
[White "Kecskemeti, Jozsef"]
[Black "Vrabel, Mate"]
[Result "0-1"]
[WhiteElo "1642"]
[BlackElo "1521"]
[PlyCount "62"]
[EventDate "2011.01.21"]
[EventType "swiss"]
[EventRounds "9"]
[EventCountry "SRB"]
[SourceTitle "CBM 140 Extra"]
[Source "ChessBase"]
[SourceDate "2011.03.01"]
[SourceVersion "1"]
[SourceVersionDate "2011.03.01"]
[SourceQuality "1"]

1. e4 e5 2. Nf3 Nc6 3. Bb5 Bc5 4. Nc3 Nf6 5. d3 0-0 6. Bg5 d6 7. Nd5 Nd4 8. Nxf6+ gxf6 9. Bh6 Nxb5 10. Bxf8 Qxf8 11. h3 Qg7 12. Rg1 Bd4 13. Rb1 Bb6 14. c3 Ba5 15. a4 Nxc3 16. bxc3 Bxc3+ 17. Kf1 f5 18. Qc2 Ba5 19. g4 fxg4 20. hxg4 Kh8 21. Nh2 Qh6 22. Rg2 Bd2 23. Nf3 Bf4 24. Qxc7 Qh3 25. Ne1 Bxg4 26. Rb2 Qh1+ 27. Rg1 Bh3+ 28. Ke2 Qxg1 29. Qxf7 Qf1+ 30. Kd1 Rc8 31. Rc2 Bg4+ 0-1